| 000 | 00389cam a2200157ua 4500 | ||
|---|---|---|---|
| 041 |
_amal _h |
||
| 082 |
_a894.812 803 _bYWA/CJ |
||
| 100 | _aY W A , Ernakulam . | ||
| 245 |
_aC J Smaraka-Grandham / _cErnakulam Y W A. _hTextual Documents |
||
| 250 |
_a1 / _b. |
||
| 260 |
_aThrissur : _bCurrent Books , _c1961. |
||
| 300 | _a196 ; . | ||
| 504 | _a | ||
| 942 | _cBK | ||
| 999 |
_c3755 _d3755 |
||